000 00509nam a2200145Ia 4500
008 151213s9999 xx 000 0 und d
100 _aরকিবুল হাসান।
245 _aএক ধরনের অহংকার
_cরকিবুল হাসান।
260 _aঢাকা।
_bজাহাঙ্গীর ব্রাদার্স।
_c1998
300 _a9286 p.
650 _aBangla
650 _aকবিতা
700 _aরকিবুল হাসান।
999 _c4752
_d4752